Dans quelles clubs a joué Rémy Cabella ? - Statistiques

Statistiques générales
  • Ce quiz a été pris 29 fois
  • Le résultat moyen est 7 sur 9
Statistiques - réponses
Pays Années Réponses % Correct
France 2015-2018 Olympique de Marseille
100%
France 2022-2025 Lille OSC
97%
France 2009-2014 & 2022 Montpellier HSC
97%
France 2026 FC Nantes
90%
Grèce 2025 Olympiakos
83%
Angleterre 2014-2015 Newcastle Utd
79%
France 2018-2019 AS Saint-Etienne
76%
Russie 2019-2022 Krasnodar
59%
France 2010-2011 AC Arles-Avignon
31%
Aucun quiz correspondant
Distribution des résultats
% des personnes avec chaque résultat
Percentile par nombre de réponses
Votre historique - résultats
Vous n’avez pas pris ce quiz